| 000 | 00411nam a2200181Ia 4500 | ||
|---|---|---|---|
| 003 | STCL | ||
| 008 | 221019s9999 xx 000 0 und d | ||
| 020 | _a9780670092802 | ||
| 040 |
_aSTCL _cSTCL _bEN |
||
| 082 | _222 | ||
| 100 | _aRushdie, Salman | ||
| 245 | 0 | _aLanguages of truth | |
| 260 |
_bPenguin Books _aHaryana _c2021 |
||
| 300 | _a356 p | ||
| 365 | _b799 | ||
| 546 | _aEnglish | ||
| 942 |
_cBK _2DDC _e22 |
||
| 999 |
_c88869 _d88869 |
||